Tārīkh al-ʻIrāq fī al-ʻaṣr al-Saljūqī (Record no. 48951)

MARC details
000 -LEADER
fixed length control field 00774cam a22002411 4500
001 - CONTROL NUMBER
control field ne 66001082
003 - CONTROL NUMBER IDENTIFIER
control field DLC
005 - DATE AND TIME OF LATEST TRANSACTION
control field 20260227111824.0
008 - FIXED-LENGTH DATA ELEMENTS--GENERAL INFORMATION
fixed length control field 811102s1965 iq ab b 000 0 arar
010 ## - LIBRARY OF CONGRESS CONTROL NUMBER
LC control number ne 66001082
035 ## - SYSTEM CONTROL NUMBER
System control number (OCoLC)7898936
040 ## - CATALOGING SOURCE
Original cataloging agency DLC
Transcribing agency TU
Modifying agency TU
-- OCoLC
-- DLC
042 ## - AUTHENTICATION CODE
Authentication code premarc
050 00 - LIBRARY OF CONGRESS CALL NUMBER
Classification number DS76
Item number .A65
100 1# - MAIN ENTRY--PERSONAL NAME
Personal name Amīn, Ḥusayn.
245 10 - TITLE STATEMENT
Title Tārīkh al-ʻIrāq fī al-ʻaṣr al-Saljūqī
Statement of responsibility, etc. [taʼlīf] Ḥusayn Amīn.
260 ## - PUBLICATION, DISTRIBUTION, ETC.
Place of publication, distribution, etc. [Baghdād,
Name of publisher, distributor, etc. al-maktabah al-ahlīyah]
Date of publication, distribution, etc. 1965.
300 ## - PHYSICAL DESCRIPTION
Extent 487 p.
Other physical details illus., maps.
Dimensions 25 cm.
500 ## - GENERAL NOTE
General note Added t.p.: History of ʻIraq in the Seljuqid era, by Husain Amin.
500 ## - GENERAL NOTE
General note Risālat al-Ductorah- Jāmiʻat Baghdād.
504 ## - BIBLIOGRAPHY, ETC. NOTE
Bibliography, etc. note Bibliography: p. 431-453.
651 #0 - SUBJECT ADDED ENTRY--GEOGRAPHIC NAME
Geographic name Iraq
General subdivision History.

No items available.

Powered by Koha